00982cam a2200253M 450000500170000000800410001702000180005802000150007604000500009104100080014124500910014924600310024026000680027130000220033949000460036150400530040765000250046065000410048565000360052665000440056265100420060665100430064870000370069120141020072602.0141020s2014 enk fr 001 0 eng d a9780199579679 a0199579679 aCO-BoUCMbspacJose A. GerenadJose A. Gerena0 aeng04aThe Oxford handbook of state and local governmentceditado por Donald P. Haider-Markel20aState and local government aOxford (Oxfordshire, Inglaterra)bOxford University pressc2014 axi, 956 páginas0 aThe Oxford handbooks of American politics aIncluye referencias bibliográficas e índices 7aFinanzas públicas  7aFinanzas públicas zEstados Unidos 7aGobierno local zEstados Unidos 7aPolítica económica zEstados Unidos 4aEstados UnidosxPolítica y gobierno 4aEstados UnidosxPolítica económica1 aHaider-Markel, Donald P.eeditor